[Event "C.to Europeo U18 femminile"]
[Site "Albena BUL"]
[Date "2011.09.11"]
[Round "1"]
[White "Danelia, Mariam"]
[Black "Messina, Roberta"]
[Result "1-0"]
[WhiteElo "2259"]
[BlackElo "1970"]
[PlyCount "99"]
[EventDate "2011.09.11"]

1. d4 Nf6 2. c4 e6 3. Nc3 Bb4 4. Qc2 d5 5. cxd5 exd5 6. Bg5 O-O 7. e3 Re8 8.
Nf3 Bg4 9. Ne5 Bh5 10. Bd3 Bg6 11. Nxg6 hxg6 12. O-O c6 13. Qb3 Qe7 14. Rae1
Bd6 15. f4 Qc7 16. e4 dxe4 17. Nxe4 Nbd7 18. Nxf6+ Nxf6 19. Rxe8+ Rxe8 20. Bxf6
gxf6 21. Bxg6 Kg7 22. Bh5 Rh8 23. g4 Bxf4 24. Rxf4 Rxh5 25. Qf3 Rh8 26. Qf2 Qe7
27. h4 Qe6 28. b3 a6 29. Kh2 Qd6 30. Kh3 Qe6 31. Kg3 Qd6 32. Qe3 Rd8 33. h5 Rh8
34. Kh3 Qd5 35. Kh2 Qd6 36. Qf3 Qe6 37. Kg2 Qd6 38. g5 Qb4 39. gxf6+ Kf8 40.
Qe2 Rg8+ 41. Rg4 Rxg4+ 42. Qxg4 Qd2+ 43. Kh3 Qe3+ 44. Kh4 Qf2+ 45. Kg5 Qe3+ 46.
Qf4 Qe8 47. Kh6 Qc8 48. Qd6+ Kg8 49. Qg3+ Kf8 50. Qg7+ 1-0

[Event "C.to Europeo U18 femminile"]
[Site "Albena BUL"]
[Date "2011.09.11"]
[Round "1"]
[White "Santeramo, Alessia Carmen"]
[Black "Collado Barbas, Laura"]
[Result "0-1"]
[WhiteElo "1761"]
[BlackElo "2057"]
[PlyCount "96"]
[EventDate "2011.09.11"]

1. e4 e6 2. d4 d5 3. e5 c5 4. c3 Qb6 5. Nf3 Nc6 6. a3 Nh6 7. b4 cxd4 8. cxd4
Nf5 9. Be3 Be7 10. Be2 Nxe3 11. fxe3 f6 12. exf6 Bxf6 13. Nc3 O-O 14. O-O Ne7
15. Na4 Qd6 16. Bd3 b6 17. Ne5 Nf5 18. Bxf5 exf5 19. Nc3 Re8 20. Qh5 Be6 21.
Nb5 Qe7 22. Rac1 Rec8 23. Nc6 Qd7 24. Ncxa7 Rxc1 25. Rxc1 g6 26. Qe2 Rxa7 27.
Nxa7 Qxa7 28. Rc6 Kf7 29. Qb2 Bd7 30. Rc1 Bb5 31. Qc3 Bc4 32. Ra1 b5 33. Qc2
Bxd4 34. Re1 Bxe3+ 35. Kh1 d4 36. Qb2 Qc7 37. h3 Qg3 38. Rxe3 Qxe3 39. Kh2 Qf4+
40. Kg1 Qe3+ 41. Kh2 Ke6 42. a4 bxa4 43. b5 Qe5+ 44. Kg1 Bxb5 45. Qa2+ Qd5 46.
Qd2 Bc6 47. Qe2+ Kd6 48. Qd2 Qxg2+ 0-1

[Event "C.to Europeo U18 femminile"]
[Site "Albena BUL"]
[Date "2011.09.12"]
[Round "2"]
[White "Messina, Roberta"]
[Black "Santeramo, Alessia Carmen"]
[Result "1/2-1/2"]
[WhiteElo "1970"]
[BlackElo "1761"]
[PlyCount "83"]
[EventDate "2011.09.11"]

1. d4 d5 2. Nc3 c6 3. e4 dxe4 4. Nxe4 Nf6 5. Ng3 g6 6. Nf3 Bg7 7. c3 O-O 8. Bd3
Nbd7 9. Be3 Nd5 10. Qd2 Re8 11. Bh6 Bh8 12. O-O e5 13. Rfe1 b6 14. h4 Bb7 15.
h5 Qc7 16. hxg6 hxg6 17. Ng5 Nf8 18. Bc4 exd4 19. cxd4 Qd7 20. N3e4 Ne6 21.
Nxe6 Rxe6 22. Ng5 Rxe1+ 23. Rxe1 Re8 24. Rxe8+ Qxe8 25. Bxd5 cxd5 26. Qf4 Bc8
27. Nf3 Qe6 28. Qc7 Qd7 29. Qf4 Qe6 30. Qh4 Qf6 31. Bg5 Qe6 32. Be3 f6 33. Qh6
Qe4 34. Nh4 Bf5 35. Nxf5 Qb1+ 36. Kh2 Qxf5 37. a4 a6 38. g3 Qh5+ 39. Qxh5 gxh5
40. Kg2 Kf7 41. Kf3 Bg7 42. Bf4 1/2-1/2

[Event "C.to Europeo U18 femminile"]
[Site "Albena BUL"]
[Date "2011.09.13"]
[Round "3"]
[White "Kolaric, Spela"]
[Black "Santeramo, Alessia Carmen"]
[Result "1/2-1/2"]
[WhiteElo "2102"]
[BlackElo "1761"]
[PlyCount "93"]
[EventDate "2011.09.11"]

1. d4 d5 2. c4 c6 3. Nf3 e6 4. e3 Nf6 5. Bd3 dxc4 6. Bxc4 b5 7. Bd3 Be7 8. O-O
Nbd7 9. a4 bxa4 10. Qxa4 Bb7 11. Ba6 Bxa6 12. Qxa6 c5 13. Nc3 O-O 14. Bd2 cxd4
15. Nxd4 Nc5 16. Qe2 Qb6 17. Rfb1 Rfd8 18. b4 Nce4 19. Na4 Qd6 20. Be1 h5 21.
f3 Ng5 22. b5 Nd5 23. Nc6 Bf6 24. Nxd8 Rxd8 25. Ra2 Nxe3 26. Bf2 Nd1 27. Bxa7
h4 28. Rxd1 Qxd1+ 29. Qxd1 Rxd1+ 30. Kf2 Rb1 31. b6 Bd4+ 32. Ke2 e5 33. Kd3 Ne6
34. Kc4 Nd8 35. Kd5 Kf8 36. Kd6 Rb5 37. Rc2 Ke8 38. Rc8 e4 39. f4 e3 40. Rc2
Rb4 41. Nc5 Bxc5+ 42. Kxc5 Rxf4 43. Re2 Re4 44. Kd5 Re6 45. Bb8 Rxb6 46. Rxe3+
Re6 47. Rh3 1/2-1/2

[Event "C.to Europeo U18 femminile"]
[Site "Albena BUL"]
[Date "2011.09.14"]
[Round "4"]
[White "Santeramo, Alessia Carmen"]
[Black "Gluszko, Monika"]
[Result "0-1"]
[WhiteElo "1761"]
[BlackElo "2077"]
[PlyCount "72"]
[EventDate "2011.09.11"]

1. e4 c5 2. Nf3 Nc6 3. d4 cxd4 4. Nxd4 Nf6 5. Nc3 d6 6. Bc4 e6 7. Bb3 Na5 8.
Be3 Be7 9. Qe2 Bd7 10. O-O-O Nxb3+ 11. Nxb3 O-O 12. g4 a5 13. g5 Ne8 14. Rhg1
a4 15. Nd4 Rc8 16. Ndb5 Qa5 17. Bd2 Qa6 18. Rg3 g6 19. Be3 Qa5 20. Bd2 Qa6 21.
Be3 Qa5 22. Bd2 Qa8 23. h4 Nc7 24. h5 Nxb5 25. Nxb5 Rc5 26. hxg6 fxg6 27. Nd4
e5 28. Nf5 Bxf5 29. exf5 Rxf5 30. f4 Qf8 31. fxe5 dxe5 32. Qe4 b5 33. Bb4 Rf4
34. Qe1 Rxb4 35. Qxb4 Rxc2+ 36. Kxc2 Bxb4 0-1

[Event "C.to Europeo U18 femminile"]
[Site "Albena BUL"]
[Date "2011.09.15"]
[Round "5"]
[White "Abdulla, Khayala Mardan Qizi"]
[Black "Messina, Roberta"]
[Result "1-0"]
[WhiteElo "2230"]
[BlackElo "1970"]
[PlyCount "111"]
[EventDate "2011.09.11"]

1. e4 c5 2. Nf3 d6 3. d4 cxd4 4. Nxd4 Nf6 5. Nc3 a6 6. Bc4 e6 7. Bb3 b5 8. O-O
Be7 9. Qf3 Qb6 10. Be3 Qb7 11. Qg3 Nbd7 12. f3 Nc5 13. Rfd1 Nxb3 14. axb3 Bd7
15. Nde2 O-O 16. Bg5 Kh8 17. Rd2 Nh5 18. Qg4 Nf6 19. Qg3 Nh5 20. Qh4 Qa7+ 21.
Kh1 f6 22. Qxh5 fxg5 23. Rad1 Qc5 24. Qg4 Ra7 25. Qg3 Bc8 26. Nc1 a5 27. Nd3
Qb6 28. Qf2 Qxf2 29. Nxf2 Bd7 30. Ne2 Rc8 31. Ng4 Rcc7 32. Ne3 h6 33. c4 Rc5
34. Ra1 b4 35. Nc1 Rc8 36. Nd3 Rb8 37. e5 dxe5 38. Nxe5 Be8 39. Nc2 Bf6 40. Re2
Ra6 41. h3 a4 42. bxa4 Rxa4 43. Rxa4 Bxa4 44. Nd4 b3 45. Nxe6 Bxe5 46. Rxe5 Re8
47. Re2 Rc8 48. Re4 Bd7 49. Nxg7 Bxh3 50. Re7 Rg8 51. gxh3 Rxg7 52. Rxg7 Kxg7
53. Kg2 Kf6 54. Kf2 Kf5 55. Ke3 Ke5 56. Kd3 1-0

[Event "C.to Europeo U18 femminile"]
[Site "Albena BUL"]
[Date "2011.09.17"]
[Round "6"]
[White "Santeramo, Alessia Carmen"]
[Black "Fransson, Angelina"]
[Result "1-0"]
[WhiteElo "1761"]
[BlackElo "1943"]
[PlyCount "93"]
[EventDate "2011.09.11"]

1. e4 c5 2. Nf3 d6 3. d4 cxd4 4. Nxd4 Nf6 5. Nc3 e6 6. Bc4 a6 7. Be3 b5 8. Bb3
Be7 9. O-O Qc7 10. f3 O-O 11. Qd2 Nc6 12. g4 Nxd4 13. Bxd4 b4 14. Ne2 e5 15.
Be3 a5 16. g5 Nd7 17. Ng3 g6 18. h4 Bb7 19. h5 a4 20. hxg6 hxg6 21. Bd5 Bxd5
22. exd5 Rab8 23. Qh2 Rfc8 24. Rf2 Bf8 25. Qh3 Bg7 26. Rh2 Nc5 27. Rf1 b3 28.
axb3 axb3 29. c3 Kf8 30. Ne4 Nxe4 31. fxe4 Ke8 32. Qh7 Bf8 33. Rhf2 Rb7 34.
Qxg6 Qe7 35. Qg8 Rcc7 36. g6 Qh4 37. gxf7+ Kd7 38. Qxf8 Qg3+ 39. Rg2 Qxe3+ 40.
Rff2 Rxc3 41. Qe8+ Kc7 42. f8=Q Rc1+ 43. Kh2 Kb6 44. Qxd6+ Ka5 45. Qa3+ Kb6 46.
Qb4+ Ka7 47. Qa5# 1-0

[Event "C.to Europeo U18 femminile"]
[Site "Albena BUL"]
[Date "2011.09.18"]
[Round "7"]
[White "Messina, Roberta"]
[Black "Miturova, Magdalena"]
[Result "0-1"]
[WhiteElo "1970"]
[BlackElo "2042"]
[PlyCount "50"]
[EventDate "2011.09.11"]

1. c4 e5 2. Nc3 Nf6 3. Nf3 Nc6 4. a3 d6 5. d3 g6 6. Rb1 Bg7 7. b4 O-O 8. g3 Nd7
9. Bg2 f5 10. Qb3 Nf6 11. Bg5 h6 12. c5+ Kh7 13. Bxf6 Qxf6 14. Nd5 Qf7 15. h4
Be6 16. Qc4 Kg8 17. e4 fxe4 18. dxe4 Nd4 19. Nxd4 Qxf2+ 20. Kd1 exd4 21. Qf1
Bxd5 22. exd5 Qa2 23. Qd3 Qxg2 24. Re1 Rae8 25. Qd2 Rxe1+ 0-1

[Event "C.to Europeo U18 femminile"]
[Site "Albena BUL"]
[Date "2011.09.19"]
[Round "8"]
[White "Santeramo, Alessia Carmen"]
[Black "Ivekovic, Ana"]
[Result "1/2-1/2"]
[WhiteElo "1761"]
[BlackElo "2009"]
[PlyCount "75"]
[EventDate "2011.09.11"]

1. e4 e5 2. Nf3 Nc6 3. Nc3 Nf6 4. d4 exd4 5. Nxd4 Bb4 6. Nxc6 bxc6 7. Bd3 d5 8.
exd5 cxd5 9. O-O O-O 10. Bg5 c6 11. Na4 Qd6 12. h3 Ba5 13. Be3 Bc7 14. f4 d4
15. Bd2 c5 16. b3 Bb7 17. Nb2 Rfe8 18. Re1 Qc6 19. Rxe8+ Rxe8 20. Qf1 a6 21.
Nc4 Nd5 22. Na5 Bxa5 23. Bxa5 Nxf4 24. Bc4 Nxh3+ 25. Kh2 Ng5 26. Bd2 Qc7+ 27.
Bf4 Bxg2 28. Bxc7 Bxf1 29. Rxf1 Ne6 30. Bb6 Rc8 31. Rf5 Rc6 32. Ba5 g6 33. Re5
Kg7 34. Bd5 Kf6 35. Re2 Rd6 36. Bc4 h5 37. Rf2+ Kg7 38. Rd2 1/2-1/2

[Event "C.to Europeo U18 femminile"]
[Site "Albena BUL"]
[Date "2011.09.19"]
[Round "8"]
[White "Tulay, Seray"]
[Black "Messina, Roberta"]
[Result "1/2-1/2"]
[WhiteElo "1784"]
[BlackElo "1970"]
[PlyCount "42"]
[EventDate "2011.09.11"]

1. d4 Nf6 2. c4 e6 3. Nc3 Bb4 4. Qc2 d5 5. cxd5 exd5 6. Bg5 Nc6 7. e3 O-O 8.
Bxf6 Qxf6 9. a3 Bxc3+ 10. Qxc3 Re8 11. Be2 Bf5 12. Nf3 Be4 13. O-O Qg6 14. b4
a6 15. a4 Qd6 16. b5 axb5 17. axb5 Ne7 18. Rxa8 Rxa8 19. Ra1 Rxa1+ 20. Qxa1 Qd8
21. Qa7 b6 1/2-1/2

[Event "C.to Europeo U18 femminile"]
[Site "Albena BUL"]
[Date "2011.09.20"]
[Round "9"]
[White "Pavlidou, Ekaterini"]
[Black "Santeramo, Alessia Carmen"]
[Result "1-0"]
[WhiteElo "2189"]
[BlackElo "1761"]
[PlyCount "99"]
[EventDate "2011.09.11"]

1. d4 d5 2. c4 c6 3. Nf3 e6 4. Qc2 Nf6 5. Bg5 Nbd7 6. e3 Be7 7. Nc3 O-O 8. Bd3
a6 9. O-O h6 10. Bh4 dxc4 11. Bxc4 b5 12. Be2 Bb7 13. Rfd1 Nd5 14. Bg3 Nxc3 15.
bxc3 Qc8 16. e4 Rd8 17. c4 Nf6 18. c5 a5 19. Ne5 Nd7 20. Nd3 Nf6 21. Nb2 Ba6
22. h3 Ra7 23. Bf3 Rad7 24. Bd6 Ne8 25. e5 g6 26. Qd2 Bg5 27. Qxa5 Qa8 28. a4
Qb7 29. Be2 bxa4 30. Bxa6 Qxb2 31. Qxa4 Ra7 32. Rab1 Qe2 33. Bxe2 Rxa4 34. Rb6
Ng7 35. g4 Ra2 36. Bc4 Rc2 37. Bd3 Ra2 38. Bb1 Ra3 39. Kg2 Rc8 40. Be4 Bh4 41.
Bxc6 Ra2 42. Rf1 Rd2 43. Bd7 Rd8 44. c6 Rc2 45. Bc5 Ne8 46. Bxe8 Rxe8 47. c7
Ra2 48. Rb8 Ra8 49. Rfb1 Kg7 50. Rxe8 1-0

[Event "C.to Europeo U18 femminile"]
[Site "Albena BUL"]
[Date "2011.09.20"]
[Round "9"]
[White "Messina, Roberta"]
[Black "Haitovich, Avital"]
[Result "1/2-1/2"]
[WhiteElo "1970"]
[BlackElo "1903"]
[PlyCount "85"]
[EventDate "2011.09.11"]

1. c4 e5 2. Nc3 Nc6 3. Nf3 Nf6 4. a3 a5 5. e3 g6 6. d3 Bg7 7. g3 O-O 8. Bg2 d6
9. O-O h6 10. Rb1 Be6 11. Qc2 Qd7 12. b4 axb4 13. axb4 Bh3 14. b5 Ne7 15. Bb2
Bxg2 16. Kxg2 Nh7 17. Qb3 Kh8 18. Ra1 Rab8 19. Rfc1 f5 20. Nd5 f4 21. exf4 exf4
22. Bxg7+ Kxg7 23. Re1 Nxd5 24. cxd5 fxg3 25. Qb2+ Kg8 26. fxg3 Qf5 27. Re3
Qxd5 28. Qa2 Nf6 29. Qc4 Kh8 30. Rc1 Rf7 31. Re6 Rbf8 32. Qxd5 Nxd5 33. Nh4 Rg8
34. Rxg6 Rxg6 35. Nxg6+ Kh7 36. Nf4 Nxf4+ 37. gxf4 Kg6 38. Kf3 Kf5 39. Re1 Rg7
40. Re8 Rf7 41. Rh8 Kg6 42. Rb8 b6 43. Rg8+ 1/2-1/2